Transformaciones estructurales y relaciones intersectoriales de la agricultura en América Latina y el Caribe /

Salvato in:
Dettagli Bibliografici
Autore principale: Torres Zorrilla, Jorge A.
Natura: testo
Soggetti:
Tags: Aggiungi Tag
Nessun Tag, puoi essere il primo ad aggiungerne!!

MARC

LEADER 00000 a a2200000 04500
001 46748
003
040
090 |a REV1054 (22) 1991  
100 |a Torres Zorrilla, Jorge A.  
245 |a Transformaciones estructurales y relaciones intersectoriales de la agricultura en América Latina y el Caribe /  |c Jorge A.Torres Zorrilla  
650 |a AGRICULTURA  
650 |a ALIMENTOS  
650 |a AGROINDUSTRIA  
650 |a COMERCIO  
650 |a MODERNIZACION  
650 |a EMPLEO  
650 |a ECONOMIA  
650 |a AJUSTE ESTRUCTURAL  
650 |a TECNOLOGIA  
650 |a CONSUMO  
650 |a BALANZA COMERCIAL  
650 |a FINANCIAMIENTO  
650 |a EXPORTACION  
650 |a DESCRIPTORES ESTAD.:AGRICULTURA  
650 |a PRODUCTO INTERNO BRUTO  
650 |a AGROINDUSTRIA  
773 |g número22, (1991) páginas 5-63  
999 |c 31180  |d 31180